000 00622nam a2200229Ia 4500
003 OSt
005 20221005122328.0
006 a|||||r|||| 00| 0
007 ta
008 221004b |||||||| |||| 00| 0 eng d
024 _a63163
037 _cTextual
040 _aCRL
_cCRL
_beng
041 _2eng
_aeng
082 _aV23163:28:N3, F7
100 _aDumasia Naroji Maneckji
_9631804
245 0 _aJamnagar
_b A sketch of its ruler and its administration.
260 _c1927
650 _aHISTORY
942 _hV23163:28:N3, F7
_cTEXL
_2cc
999 _c1043953
_d1043953